000 00359nam a2200145Ia 4500
008 230917s9999||||xx |||||||||||||| ||und||
040 _e44122
_aMAIN
041 _aEnglish
082 _a410 T569S
100 _aTodorov, Tzvetan
245 0 _aSymbolism and interpretation
260 _aLondon
_bRoutledge & Kegan Paul
_c1973
300 _a175 p.
942 _cBK
999 _c39115
_d39115